Chemical process design and integration / (Record no. 598138)
[ view plain ]
| 000 -LEADER | |
|---|---|
| fixed length control field | 00287nam a2200109Ia 4500 |
| 008 - FIXED-LENGTH DATA ELEMENTS--GENERAL INFORMATION | |
| fixed length control field | 230907s9999||||xx |||||||||||||| ||und|| |
| 082 ## - DEWEY DECIMAL CLASSIFICATION NUMBER | |
| Classification number | 660.28 |
| Author Mark | SMI |
| 100 ## - MAIN ENTRY--PERSONAL NAME | |
| Personal name | Smith, Robin |
| 9 (RLIN) | 115331 |
| 245 #0 - TITLE STATEMENT | |
| Title | Chemical process design and integration / |
| 300 ## - PHYSICAL DESCRIPTION | |
| Extent | xxiii, 896 pages ; |
| 942 ## - ADDED ENTRY ELEMENTS (KOHA) | |
| Koha item type | Book |
| Withdrawn status | Lost status | Damaged status | Not for loan | Permanent Location | Current Location | Date acquired | Total Checkouts | Full call number | Barcode | Date last seen | Price effective from | Koha item type |
|---|---|---|---|---|---|---|---|---|---|---|---|---|
| US-Pakistan Center for Advanced Studies in Energy (USPCAS-E) | US-Pakistan Center for Advanced Studies in Energy (USPCAS-E) | 06/06/2018 | 660.28 SMI | CAS-E0002237 | 09/12/2023 | 09/12/2023 | Book |
